[Event "6th EICC"]
[Site "Warsaw POL"]
[Date "2005.06.20"]
[Round "3"]
[White "Pelletier,Y"]
[Black "Hulak,K"]
[Result "1/2-1/2"]
[WhiteElo "2610"]
[BlackElo "2534"]
[EventDate "2005.06.18"]

1. e4 c5 2. Nf3 d6 3. d4 cxd4 4. Nxd4 Nf6 5. Nc3 a6 6. Be3 e6 7. f3 b5 8.
Qd2 Nbd7 9. a4 b4 10. Na2 d5 11. Nxb4 dxe4 12. Be2 Qc7 13. Rd1 Bb7 14. O-O
Bc5 15. Kh1 O-O 16. fxe4 Nxe4 17. Qe1 Bd6 18. Bf3 Ndf6 19. Bg1 Rad8 20. c3
Rd7 21. Qe2 Qc8 22. Rfe1 Bg3 23. Rf1 Rfd8 24. a5 h6 25. Rd3 Bd6 26. Rfd1
Bf8 27. Nb3 Rxd3 28. Rxd3 Rxd3 29. Qxd3 e5 30. Qe2 Bd6 31. Nc2 Qc7 32. Ne3
Bf8 33. Nd2 Ng5 34. Bxb7 Qxb7 35. Nec4 e4 36. b4 Ne6 37. Be3 Qb5 38. Qf1
Qh5 39. Bg1 Qd5 40. Nb3 Ng4 41. Nc1 h5 42. Ne3 Qd2 43. Nxg4 hxg4 44. b5
Qxc3 45. bxa6 Nc5 46. a7 Qxa5 47. Qf2 Qxa7 48. Nb3 g3 49. Qd4 gxh2 50. Bf2
Qa3 51. Nxc5 Qc1+ 52. Kxh2 Qh6+ 53. Kg1 Qc1+ 54. Kh2 Qh6+ 55. Kg1 Qc1+
1/2-1/2

[Event "6th EICC"]
[Site "Warsaw POL"]
[Date "2005.06.20"]
[Round "3"]
[White "Nijboer,F"]
[Black "Volkov,S1"]
[Result "0-1"]
[WhiteElo "2553"]
[BlackElo "2634"]
[EventDate "2005.06.18"]

1. e4 e6 2. d4 d5 3. Nd2 Nf6 4. e5 Nfd7 5. Bd3 c5 6. c3 Nc6 7. Ne2 cxd4 8.
cxd4 f6 9. exf6 Nxf6 10. Nf3 Bd6 11. O-O O-O 12. Bf4 Bxf4 13. Nxf4 Ne4 14.
Ne2 Rxf3 15. gxf3 Ng5 16. Kh1 e5 17. Qb3 Kh8 18. Bb5 exd4 19. Rad1 Qf6 20.
f4 Ne6 21. Qg3 Bd7 22. Rg1 Rf8 23. f5 Nc5 24. f3 Bxf5 25. Bxc6 bxc6 26.
Nxd4 Bg6 27. Qg5 Qf7 28. Rge1 h6 29. Qe7 Nd3 30. Qxf7 Rxf7 31. Rxd3 Bxd3
32. Re3 Bb1 33. Nxc6 Rc7 34. Nd4 Rc1+ 35. Kg2 Rd1 36. Re8+ Kh7 37. Ne6 Kg6
38. Rd8 Kf6 39. Nc5 Bxa2 40. b3 Ke5 41. Ra8 Kd4 42. b4 Kc4 43. Rxa7 Rd2+
44. Kg3 Kxb4 45. Ne6 g6 46. Rg7 Rd1 47. Kf2 Bb1 48. h4 Kc3 49. Rc7+ Kb2 50.
Rb7+ Kc2 51. Rc7+ Kd2 52. Rc5 Ba2 53. Nf4 d4 54. Nxg6 Rc1 55. Ra5 Rc2 56.
Nf4 d3 57. Kg3 Bc4 58. Rh5 Ke3 59. Nxd3 Bxd3 60. Rxh6 Rc8 61. Re6+ Kd4 62.
h5 Bf5 63. Re7 Rh8 64. Kf4 Bb1 65. Rd7+ Kc5 66. Rg7 Rf8+ 67. Kg4 Kd4 68. h6
Ke5 69. Re7+ Kf6 70. Rb7 Bf5+ 71. Kh4 Rd8 72. Rb6+ Be6 73. Kg3 Rh8 74. Ra6
Rxh6 75. Ra8 Rh3+ 76. Kg2 Rh7 77. Rf8+ Ke5 78. Kg3 Rg7+ 79. Kf2 Bf5 80. Ra8
Bd7 81. Ra7 Kf4 82. Rb7 Rh7 83. Rb4+ Ke5 84. Rb7 Rf7 85. Kg3 Kd6 86. Rb4
Bc6 87. Rf4 Ra7 88. Rf6+ Kd5 89. Kf2 Ra2+ 90. Kg3 Rc2 91. Rf5+ Kd4 92. Rf6
Bd5 93. Rf8 Rc7 94. Kf2 Re7 95. Rf4+ Kd3 96. Rf5 Rd7 97. Rf4 Rd8 98. Rf5
Kd2 99. Rf4 Bb3 100. Rf6 Bc2 101. Rf7 Bd3 102. Re7 Bc4 103. Re4 Rc8 104.
Kg3 Bd3 105. Re7 Rc2 106. Re8 Kd1 107. Re7 Bf1 108. Rd7+ Ke1 109. Re7+ Be2
110. Kg2 Rc8 111. Rg7 Rf8 112. Rg3 Bd1 113. Rh3 Ke2 114. Rh4 Ke3 115. Re4+
Kd3 116. Re7 Bxf3+ 117. Kg3 Be4 118. Kg4 Ke3 119. Kg5 Rf1 120. Rc7 Rf5+
121. Kg4 Ra5 122. Re7 Ra6 123. Rg7 Ra5 124. Re7 Rb5 125. Rg7 Bf3+ 126. Kg3
Rb1 127. Rg5 Be4 128. Rg4 Bf5 129. Rg5 Ke4 130. Kh4 Rh1+ 131. Kg3 Rh3+ 132.
Kf2 Kf4 133. Rg8 Rh7 134. Rf8 Rh2+ 135. Ke1 Ke4 136. Kd1 Kd3 137. Ke1 Ke4
138. Kd1 Rf2 139. Ke1 Rg2 140. Kd1 Kd3 141. Ke1 Be4 142. Rf2 Rg1+ 143. Rf1
Rg8 144. Rf2 Re8 145. Rd2+ Ke3 146. Re2+ Kf4 147. Kf2 Rh8 148. Rd2 Rh1 149.
Re2 Rh3 150. Rd2 Bd3 151. Ke1 Re3+ 152. Kd1 Rf3 153. Kc1 Ke3 154. Rh2 Rf1+
155. Kb2 Kd4 156. Rh4+ Be4 157. Kb3 Rb1+ 158. Ka4 Rb8 159. Rg4 Kd5 160. Ka3
Ke5 161. Rh4 Kd4 162. Rg4 Rb1 163. Ka2 Rb4 164. Ka3 Kc3 165. Rg3+ Kc4 166.
Rg4 Rb3+ 167. Ka2 Re3 168. Kb2 Re2+ 169. Ka3 Kc3 170. Ka4 Bd3 171. Ka5 Re6
0-1

[Event "6th EICC"]
[Site "Warsaw POL"]
[Date "2005.06.20"]
[Round "3"]
[White "Naiditsch,A"]
[Black "Palac,M"]
[Result "1-0"]
[WhiteElo "2626"]
[BlackElo "2574"]
[EventDate "2005.06.18"]

1. e4 c5 2. Nf3 d6 3. d4 cxd4 4. Nxd4 Nf6 5. Nc3 a6 6. Be3 e6 7. f3 b5 8.
Qd2 b4 9. Nce2 e5 10. Nb3 Nc6 11. g4 h6 12. Ng3 Be6 13. h4 d5 14. exd5 Nxd5
15. O-O-O Qc7 16. Bd3 a5 17. Nc5 Bxc5 18. Bxc5 O-O-O 19. Nf5 g6 20. Ng7 Kb8
21. Nxe6 fxe6 22. Be3 Nf4 23. Bxf4 exf4 24. Qf2 Ne5 25. Be4 Nc4 26. Qe2 Ka7
27. Bxg6 Ne3 28. Rxd8 Rxd8 29. g5 Qe5 30. Be4 a4 31. Qe1 Rd1+ 32. Qxd1 Nxd1
33. Rxd1 hxg5 34. h5 g4 35. h6 g3 36. h7 a3 37. c3 bxc3 38. bxa3 g2 39. Kc2
Kb6 40. Rg1 Qd4 41. Rxg2 Kc5 42. Rh2 Qh8 43. Rh5+ Kc4 44. a4 e5 45. Rh6 Kb4
46. Rb6+ Ka5 47. Rb5+ Kxa4 48. Rb3 Qf6 1-0

[Event "6th EICC"]
[Site "Warsaw POL"]
[Date "2005.06.20"]
[Round "3"]
[White "Neverov,V"]
[Black "Moiseenko,A"]
[Result "1-0"]
[WhiteElo "2566"]
[BlackElo "2665"]
[EventDate "2005.06.18"]

1. d4 Nf6 2. c4 e6 3. Nf3 d5 4. Nc3 Bb4 5. Bg5 h6 6. Bxf6 Qxf6 7. Qa4+ Nc6
8. e3 O-O 9. cxd5 exd5 10. Be2 Be6 11. O-O a6 12. Ne1 Bd6 13. Nd3 Ne7 14.
b4 Nf5 15. Rfc1 c6 16. Qd1 Rae8 17. a4 Bc8 18. Ra2 Qg5 19. Bf1 Re6 20. Ne2
Rf6 21. b5 cxb5 22. axb5 axb5 23. Ra8 Be6 24. Rxf8+ Bxf8 25. Nef4 Nd6 26.
g3 Bg4 27. Qb3 Bf3 28. Ne5 Be4 29. h4 Qf5 30. f3 Bxf3 31. Nxf3 Qg4 32. Bg2
Qxg3 33. Nh5 Qg4 34. Nxf6+ gxf6 35. Qxd5 Nf5 36. Re1 Bd6 37. e4 Nxh4 38.
Nxh4 Qxh4 39. Re3 Bf4 40. Rf3 Qe1+ 41. Bf1 Qd2 42. Qh5 Qxd4+ 43. Kg2 Bg5
44. Qg4 b4 45. Qf5 Qd2+ 46. Rf2 Qd1 47. Bc4 Kg7 48. e5 Qd4 49. exf6+ Bxf6
50. Qd5 Qg4+ 51. Kf1 Qh3+ 52. Qg2+ Qxg2+ 53. Kxg2 Kg6 54. Kf3 b5 55. Bb3
Bg5 56. Ke4 f6 57. Rf5 Bd2 58. Rxb5 h5 59. Bd1 h4 60. Kf3 Be1 61. Kg4 Kf7
62. Bb3+ Ke7 63. Rb6 Bc3 64. Kxh4 Kd7 65. Kg4 Kc7 66. Ra6 Kb7 67. Re6 Kc7
68. Kf5 Kd7 69. Ke4 Kc7 70. Kd5 Kd7 71. Ba4+ Kc7 72. Kc5 Kb7 1-0

[Event "6th EICC"]
[Site "Warsaw POL"]
[Date "2005.06.20"]
[Round "3"]
[White "Pantsulaia,L"]
[Black "Markus,R"]
[Result "1-0"]
[WhiteElo "2496"]
[BlackElo "2584"]
[EventDate "2005.06.18"]

1. Nf3 Nf6 2. c4 c5 3. g3 b6 4. Bg2 Bb7 5. O-O e6 6. Nc3 Be7 7. d4 cxd4 8.
Qxd4 d6 9. Rd1 a6 10. Ng5 Bxg2 11. Kxg2 Nc6 12. Qf4 Ra7 13. Nce4 Rd7 14.
Nxf6+ Bxf6 15. Nxh7 Rxh7 16. Qe4 Rh5 17. Qxc6 Rc5 18. Qa4 Qc8 19. Rxd6 Rxc4
20. Qxd7+ Qxd7 21. Rxd7 Kxd7 22. Kf1 b5 23. h4 a5 24. Rb1 b4 25. b3 Rc2 26.
a4 Bd4 27. Bg5 e5 28. h5 f6 29. Rc1 Rc3 30. Rxc3 bxc3 31. Bc1 f5 32. f3 e4
33. fxe4 fxe4 34. Ke1 Ke6 35. g4 e3 36. Kd1 Ke5 37. g5 Kf4 38. h6 g6 39. h7
Be5 40. Kc2 Kxg5 41. Bxe3+ Kf5 42. Bb6 1-0

[Event "6th EICC"]
[Site "Warsaw POL"]
[Date "2005.06.20"]
[Round "3"]
[White "Sargissian,G"]
[Black "Gagunashvili,M"]
[Result "1/2-1/2"]
[WhiteElo "2630"]
[BlackElo "2547"]
[EventDate "2005.06.18"]

1. d4 d5 2. c4 c6 3. Nc3 Nf6 4. e3 e6 5. Nf3 a6 6. b3 Bb4 7. Bd2 Nbd7 8.
Bd3 Qe7 9. O-O O-O 10. Qe1 dxc4 11. bxc4 e5 12. Bc2 Re8 13. c5 exd4 14.
exd4 b6 15. Qxe7 Rxe7 16. cxb6 Nxb6 17. Rab1 a5 18. a3 Bxc3 19. Bxc3 Nc4
20. Bd3 Nxa3 21. Ra1 Nb5 22. Rxa5 Rxa5 23. Bxa5 Bg4 24. Bxb5 cxb5 25. Ne5
Be6 26. Rb1 Rb7 27. Rb2 h6 28. Nc6 1/2-1/2

[Event "6th EICC"]
[Site "Warsaw POL"]
[Date "2005.06.20"]
[Round "3"]
[White "Winants,L"]
[Black "Korneev,O"]
[Result "1-0"]
[WhiteElo "2535"]
[BlackElo "2611"]
[EventDate "2005.06.18"]

1. d4 d5 2. Bf4 c5 3. e4 dxe4 4. d5 Nf6 5. Nc3 a6 6. Qe2 Bf5 7. O-O-O Nbd7
8. h3 Qb6 9. g4 Bg6 10. f3 e5 11. dxe6 fxe6 12. fxe4 e5 13. Bh2 O-O-O 14.
Nf3 Qe6 15. Nh4 Bf7 16. Bg2 c4 17. Kb1 Bc5 18. Nf5 g6 19. Nh6 Be8 20. Nd5
b5 21. Rhf1 Ng8 22. Nxg8 Rxg8 23. g5 Rf8 24. Bf3 Bf7 25. Bg4 Qc6 26. Rf6
Qb7 27. Bxe5 Bxd5 28. Rxd5 Rfe8 29. Rxc5+ 1-0

[Event "6th EICC"]
[Site "Warsaw POL"]
[Date "2005.06.20"]
[Round "3"]
[White "Dziuba,M"]
[Black "Perunovic,Mil"]
[Result "1/2-1/2"]
[WhiteElo "2429"]
[BlackElo "2549"]
[EventDate "2005.06.18"]

1. d4 Nf6 2. c4 e6 3. Nf3 d5 4. Nc3 dxc4 5. e3 a6 6. a4 b6 7. Bxc4 Bb7 8.
O-O Nbd7 9. Qe2 c5 10. Rd1 Qc7 11. d5 exd5 12. Nxd5 Nxd5 13. Bxd5 Bxd5 14.
Rxd5 Qb7 15. Rd3 Be7 16. b3 O-O 17. Bb2 Rfd8 18. Rad1 Nf8 19. Rxd8 Rxd8 20.
Rxd8 Bxd8 21. Qd3 Be7 22. Nd2 b5 23. axb5 axb5 24. f4 Qa6 25. Kf2 Qa2 26.
Qb1 Qa5 1/2-1/2

[Event "6th EICC"]
[Site "Warsaw POL"]
[Date "2005.06.20"]
[Round "3"]
[White "Kobalia,M"]
[Black "Kuzubov,Y"]
[Result "1/2-1/2"]
[WhiteElo "2644"]
[BlackElo "2558"]
[EventDate "2005.06.18"]

1. d4 Nf6 2. c4 e6 3. Nc3 Bb4 4. Qc2 d5 5. cxd5 Qxd5 6. Nf3 Qf5 7. Qxf5
exf5 8. a3 Bd6 9. g3 c6 10. Bg2 Nbd7 11. Bf4 Bxf4 12. gxf4 Nb6 13. e3 Be6
14. O-O Ke7 15. b4 Nfd5 16. Rfc1 Rhc8 17. Ne5 a5 18. bxa5 Nxc3 19. Rxc3 Na4
20. Rcc1 Rxa5 21. Rab1 Ra7 22. Rb4 f6 23. Nd3 Kd6 24. Bf3 b5 25. d5 Bxd5
26. Bxd5 Kxd5 27. Rxb5+ c5 1/2-1/2

[Event "6th EICC"]
[Site "Warsaw POL"]
[Date "2005.06.20"]
[Round "3"]
[White "Beliavsky,A"]
[Black "Kurnosov,I"]
[Result "1-0"]
[WhiteElo "2630"]
[BlackElo "2550"]
[EventDate "2005.06.18"]

1. d4 Nf6 2. c4 g6 3. Nc3 d5 4. Nf3 Bg7 5. Qb3 dxc4 6. Qxc4 O-O 7. e4 Na6
8. Be2 c5 9. d5 e6 10. O-O exd5 11. exd5 Nb4 12. Bg5 Nbxd5 13. Rfd1 Nxc3
14. Rxd8 Nxe2+ 15. Qxe2 Rxd8 16. Qe7 Be6 17. Qxb7 Rdb8 18. Qc6 Rc8 19. Qa6
Nd5 20. Re1 Nb4 21. Qd6 Bxa2 22. h4 h6 23. Be7 Rc6 24. Qd2 a5 25. Bd8 Rcc8
26. Be7 Bd5 27. Ne5 Be6 28. Nxg6 Nd5 29. Bd6 Rc6 30. Rxe6 fxe6 31. Be5 Rcc8
32. Bxg7 Kxg7 33. Ne5 Rf8 34. Nd7 Rf5 35. Nxc5 Re8 36. Qxa5 Re7 37. Qa6 Nf4
38. b4 Kf7 39. Qa1 Ne2+ 40. Kf1 Nf4 41. Qh8 h5 42. g3 Nd5 43. Qh7+ Ke8 44.
Qg6+ Rff7 45. b5 Kd8 46. Nxe6+ Kc8 47. Qc2+ Rc7 48. Qd2 Rcd7 49. Qg5 Nf6
50. Qc5+ Kb8 51. Qb6+ Ka8 52. Nc5 Rd1+ 53. Kg2 Ng4 54. Qc6+ Kb8 55. Qe8+
1-0

[Event "6th EICC"]
[Site "Warsaw POL"]
[Date "2005.06.20"]
[Round "3"]
[White "Van Wely,L"]
[Black "Guadalpi,D"]
[Result "1-0"]
[WhiteElo "2687"]
[BlackElo "2317"]
[EventDate "2005.06.18"]

1. Nf3 c5 2. c4 Nc6 3. d4 cxd4 4. Nxd4 Nf6 5. Nc3 e6 6. a3 Be7 7. e4 O-O 8.
Nf3 Qc7 9. Be2 b6 10. O-O Bb7 11. Bg5 Rac8 12. Rc1 Qb8 13. Bh4 d6 14. b4
Rfe8 15. Re1 Ne5 16. Nxe5 dxe5 17. Bf1 Rcd8 18. Qb3 Rd4 19. Bg3 Nh5 20.
Rcd1 Nxg3 21. hxg3 Red8 22. Rxd4 exd4 23. Na4 Bc6 24. Nb2 Qb7 25. e5 Be4
26. f3 Bc6 27. Bd3 h5 28. b5 Be8 29. Be4 Qc7 30. Nd3 h4 31. g4 Rc8 32. Rc1
Bc5 33. a4 f6 34. exf6 gxf6 35. Qb2 Qg3 36. Nxc5 bxc5 37. Qf2 Kg7 38. Qxg3
hxg3 39. Kf1 Bg6 40. Bxg6 Kxg6 41. Ke2 Rh8 42. a5 Kg5 43. Kd3 f5 44. Re1
Kf6 45. gxf5 Kxf5 46. Rb1 Rh7 47. a6 Ke5 48. b6 axb6 49. Rxb6 Rh1 50. Rc6
Rd1+ 51. Kc2 Ra1 52. Rxc5+ Kd6 53. Rg5 Rxa6 54. Kd3 Ra2 55. Rxg3 e5 56. Rg8
Ra3+ 57. Ke4 Re3+ 58. Kf5 d3 59. Rc8 d2 60. Rd8+ Kc5 61. Rxd2 Kxc4 62. g4
Rxf3+ 63. Kxe5 Rg3 64. Kf4 Rg1 65. g5 Rf1+ 66. Ke5 Rg1 67. Kf6 Rf1+ 68. Kg7
Kc5 69. g6 Rg1 70. Kf7 Rf1+ 71. Kg8 Kc6 72. g7 Rg1 73. Rh2 Kd6 74. Kh7 1-0

[Event "6th EICC"]
[Site "Warsaw POL"]
[Date "2005.06.20"]
[Round "3"]
[White "Guliev,S"]
[Black "Kempinski,R"]
[Result "1/2-1/2"]
[WhiteElo "2481"]
[BlackElo "2627"]
[EventDate "2005.06.18"]

1. d4 Nf6 2. c4 g6 3. Nf3 Bg7 4. g3 d5 5. cxd5 Nxd5 6. Bg2 Nb6 7. O-O Nc6
8. Nc3 Nxd4 9. Nxd4 Qxd4 10. Qxd4 Bxd4 11. Nb5 Be5 12. Bf4 Bxf4 13. gxf4
O-O 14. Nxc7 Rb8 15. a4 Bg4 16. h3 Bd7 17. a5 Nc4 18. Rfc1 Nd6 19. Nd5 Rfe8
20. Rc7 Bb5 21. e4 Kf8 22. e5 Nf5 23. Nc3 Ba6 24. Ne4 Rec8 25. Rac1 b6 26.
axb6 axb6 27. Bf1 Rxc7 28. Rxc7 Rc8 29. Rxc8+ Bxc8 30. Kh2 Nd4 31. Nc3 Bb7
32. Bd3 Ke8 33. Ne2 Nf3+ 34. Kg3 f6 35. exf6 exf6 36. Nc3 Nd4 37. h4 f5 38.
Nb5 Nxb5 39. Bxb5+ Ke7 40. Bc4 h6 41. f3 Kf6 42. Kf2 Bc6 43. Ke3 Bb7 44.
Bb5 Bd5 45. Be8 Bb7 46. Ba4 Bd5 47. Bd1 Ke6 48. Kd4 Kd6 49. Be2 Ke6 50. Bc4
Bxc4 51. Kxc4 Kd6 52. Kb5 Kc7 53. Kc4 Kc6 54. b3 1/2-1/2

[Event "6th EICC"]
[Site "Warsaw POL"]
[Date "2005.06.20"]
[Round "3"]
[White "Balogh,C"]
[Black "Dautov,R"]
[Result "1/2-1/2"]
[WhiteElo "2531"]
[BlackElo "2609"]
[EventDate "2005.06.18"]

1. e4 c6 2. d4 d5 3. Nc3 dxe4 4. Nxe4 Bf5 5. Ng3 Bg6 6. h4 h6 7. Nf3 Nd7 8.
h5 Bh7 9. Bd3 Bxd3 10. Qxd3 e6 11. Bf4 Qa5+ 12. Nd2 Ngf6 13. c4 Be7 14. Qe2
O-O 15. O-O Rfe8 16. a3 Qb6 17. Nf3 a5 18. Rad1 c5 19. dxc5 Bxc5 20. Ne5
Nxe5 21. Bxe5 Be7 22. Ne4 Nxe4 23. Qxe4 Red8 24. Qg4 Bf8 25. Bf6 Rxd1 26.
Rxd1 Rc8 27. Rd3 Qc5 28. Bc3 Qxc4 29. Qxc4 Rxc4 30. Rd8 b6 31. Rb8 Rc6 32.
Bd4 f6 33. Bxb6 Kh7 34. g3 Bd6 35. Rb7 a4 36. Bd4 e5 37. Be3 Rc4 38. Rd7
Bc7 39. Kg2 f5 40. Bd2 Bb6 41. Bc3 Bd4 42. Bxd4 exd4 43. Kf3 Kg8 44. Rd5
Rc2 45. Rxd4 Rxb2 46. Rxa4 Kf7 47. Ra6 Rc2 48. a4 Rc4 49. a5 Ra4 50. Ra7+
Kf6 51. a6 Ra3+ 52. Kf4 g5+ 53. hxg6 Ra4+ 54. Kf3 Kxg6 55. Ra8 Kg7 56. a7
Kh7 57. Kg2 Ra3 58. f4 h5 59. Kh3 Ra2 60. Rf8 Rxa7 61. Rxf5 Kh6 62. Kh4 Ra1
63. Rxh5+ Kg6 64. Rb5 Ra6 65. g4 1/2-1/2

[Event "6th EICC"]
[Site "Warsaw POL"]
[Date "2005.06.20"]
[Round "3"]
[White "Kovacevic,B"]
[Black "Fedorov,Alex"]
[Result "1/2-1/2"]
[WhiteElo "2510"]
[BlackElo "2602"]
[EventDate "2005.06.18"]

1. d4 Nf6 2. Bg5 c5 3. Bxf6 gxf6 4. d5 Qb6 5. Qc1 f5 6. c4 Bg7 7. Nc3 d6 8.
e3 Nd7 9. Qc2 Qa5 10. Nf3 b5 11. cxb5 Nb6 12. Nd2 a6 13. Nc4 Nxc4 14. Bxc4
Rb8 15. O-O axb5 16. Bd3 c4 17. Bxf5 b4 18. Nd1 Ba6 19. Rb1 Qxd5 20. e4 Qc5
21. Re1 h5 22. Ne3 e6 23. Bh3 b3 24. axb3 cxb3 25. Qd2 O-O 26. g3 Rb4 27.
Bf1 Bb7 28. f3 f5 29. exf5 Rxf5 30. f4 Bd4 31. Bg2 Qc2 32. Rbd1 Qxd2 33.
Rxd2 Rc5 34. Bxb7 Rc2 35. Rxd4 Rxd4 36. Nxc2 bxc2 37. Bf3 d5 38. Rc1 Rd2
39. b4 Kf7 40. Bxh5+ Ke7 41. Kf1 Rxh2 42. Ke1 Rxh5 43. Rxc2 Rh1+ 44. Ke2
Rb1 1/2-1/2

[Event "6th EICC"]
[Site "Warsaw POL"]
[Date "2005.06.20"]
[Round "3"]
[White "Guseinov,G"]
[Black "Radjabov,T"]
[Result "1/2-1/2"]
[WhiteElo "2573"]
[BlackElo "2673"]
[EventDate "2005.06.18"]

1. e4 c5 2. Nf3 e6 3. d4 cxd4 4. Nxd4 Nf6 5. Nc3 Nc6 6. Nxc6 bxc6 7. e5 Nd5
8. Ne4 Qc7 9. f4 Qb6 10. c4 Ne3 11. Qd3 Bb4+ 12. Bd2 O-O 13. Rc1 Nxf1
1/2-1/2

[Event "6th EICC"]
[Site "Warsaw POL"]
[Date "2005.06.20"]
[Round "3"]
[White "Alekseev,Evgeny"]
[Black "Stefansson,H"]
[Result "1/2-1/2"]
[WhiteElo "2597"]
[BlackElo "2573"]
[EventDate "2005.06.18"]

1. e4 e5 2. Nf3 Nc6 3. Bb5 Nf6 4. d3 d6 5. c3 g6 6. O-O Bg7 7. Re1 O-O 8.
Bg5 h6 9. Bh4 a6 10. Bxc6 bxc6 11. d4 Qe8 12. dxe5 dxe5 13. Nbd2 Nd7 14.
Qa4 Nb6 15. Qa5 Qe6 16. Rad1 Re8 17. b3 Bf8 18. c4 Qd6 19. Qc3 Qb4 20. Qc2
a5 21. Re3 a4 22. Ne1 axb3 23. axb3 Nd7 24. Nd3 Qa5 25. Ree1 Bb7 26. f3 Nc5
27. b4 Qa4 28. Qxa4 Nxa4 29. Nb3 c5 30. Nbxc5 Nxc5 31. Nxc5 Bxc5+ 32. bxc5
Bc6 33. Bf6 Ra5 34. Ra1 Rxc5 35. Rec1 1/2-1/2

[Event "6th EICC"]
[Site "Warsaw POL"]
[Date "2005.06.20"]
[Round "3"]
[White "Romanishin,O"]
[Black "Gajewski,G"]
[Result "1/2-1/2"]
[WhiteElo "2559"]
[BlackElo "2396"]
[EventDate "2005.06.18"]

1. d4 d5 2. c4 c6 3. Nf3 Nf6 4. Nc3 e6 5. g3 Be7 6. Bg2 O-O 7. O-O Nbd7 8.
Qd3 b6 9. Rd1 a5 10. a4 Ba6 11. b3 Bb4 12. Na2 Bd6 13. Bb2 Qe7 14. Nc3 Bb4
15. Na2 Bd6 16. Nc3 Bb4 17. Na2 1/2-1/2

[Event "6th EICC"]
[Site "Warsaw POL"]
[Date "2005.06.20"]
[Round "3"]
[White "Babula,V"]
[Black "Ivanchuk,V"]
[Result "1/2-1/2"]
[WhiteElo "2584"]
[BlackElo "2739"]
[EventDate "2005.06.18"]

1. d4 Nf6 2. c4 e6 3. Nf3 b6 4. g3 Bb7 5. Bg2 Be7 6. O-O O-O 7. Re1 c5 8.
d5 exd5 9. Nh4 Ne4 10. cxd5 Bxh4 11. Bxe4 Bf6 12. Nc3 d6 13. Bf4 Qe7 14.
Bf5 Bc8 15. e4 Nd7 16. a4 g6 17. Bxd7 Bxd7 18. Qb3 g5 19. Bd2 a6 20. Qxb6
Rfb8 21. Qc7 Rxb2 22. e5 Bxe5 23. Ne4 Rc8 1/2-1/2

[Event "6th EICC"]
[Site "Warsaw POL"]
[Date "2005.06.20"]
[Round "3"]
[White "Michalczak,T"]
[Black "Gdanski,J"]
[Result "1/2-1/2"]
[WhiteElo "2369"]
[BlackElo "2544"]
[EventDate "2005.06.18"]

1. e4 e5 2. Nf3 d6 3. d4 exd4 4. Nxd4 g6 5. Nc3 Bg7 6. Bf4 Nc6 7. Bb5 Nge7
8. Qd2 O-O 9. Bxc6 Nxc6 10. Nxc6 bxc6 11. Bh6 Bxh6 12. Qxh6 Qf6 13. f3 Be6
14. Qd2 a5 15. O-O a4 16. b3 axb3 17. axb3 Qe5 18. Ra4 Rxa4 19. Nxa4 Ra8
20. Qd3 c5 21. f4 Qd4+ 22. Qxd4 cxd4 23. Rd1 c5 24. e5 c4 25. Nb6 cxb3 26.
cxb3 Rb8 27. Nc4 dxe5 28. Nxe5 Rxb3 29. Rxd4 Rb2 30. Nf3 Kg7 31. Rd2 Rb4
32. Rd4 Rb2 33. Rd2 Rb4 1/2-1/2

[Event "6th EICC"]
[Site "Warsaw POL"]
[Date "2005.06.20"]
[Round "3"]
[White "Baramidze,D"]
[Black "Zawadzka,J"]
[Result "1-0"]
[WhiteElo "2542"]
[BlackElo "2383"]
[EventDate "2005.06.18"]

1. e4 e5 2. Nf3 Nc6 3. Bc4 Bc5 4. c3 Nf6 5. d3 d6 6. Nbd2 a6 7. Bb3 Ba7 8.
O-O O-O 9. Nc4 Ne7 10. a4 Ng6 11. Re1 Be6 12. Be3 Re8 13. Bxa7 Rxa7 14. Ng5
d5 15. Nxe6 fxe6 16. Ne3 c6 17. a5 Ra8 18. g3 Qc7 19. h4 Qf7 20. Bc2 Rf8
21. Qe2 Rad8 22. Rad1 Nd7 23. Ng4 h5 24. Nh2 Nf6 25. Rf1 Qc7 26. Ra1 Nh8
27. Nf3 Nf7 28. Ng5 Qe7 29. exd5 exd5 30. Rae1 Rde8 31. Qd2 g6 32. Nxf7
Qxf7 33. Qg5 Nh7 34. Qd2 Nf6 35. f4 e4 36. f5 Re5 37. Qg5 Ng4 38. dxe4 dxe4
39. Bb3 Qxb3 40. Qxg6+ Kh8 41. Qxh5+ 1-0

[Event "6th EICC"]
[Site "Warsaw POL"]
[Date "2005.06.20"]
[Round "3"]
[White "Lopez Martinez,J"]
[Black "Smirnov,P"]
[Result "0-1"]
[WhiteElo "2488"]
[BlackElo "2624"]
[EventDate "2005.06.18"]

1. e4 c5 2. Nc3 d6 3. Nge2 Nf6 4. g3 Nc6 5. Bg2 g6 6. d4 cxd4 7. Nxd4 Nxd4
8. Qxd4 Bg7 9. O-O O-O 10. Qb4 a5 11. Qb3 Be6 12. Nd5 a4 13. Qa3 Nxd5 14.
exd5 Bf5 15. c3 Qc7 16. Re1 Rfe8 17. Be3 Qc4 18. Rad1 Bc2 19. Rd2 Bd3 20.
Red1 Be2 21. Re1 Bd3 22. Bf3 Qb5 23. h4 Bc4 24. Bg5 Bf8 25. Be2 e5 26. dxe6
Rxe6 27. Be3 d5 28. b4 Bxe2 29. Rdxe2 Bg7 30. Qb2 Rae8 31. Rd1 Qc4 32. Rc2
Qg4 33. Rd3 Bh6 34. Bxh6 Re1+ 35. Kg2 Qe4+ 36. Rf3 Qc4 37. Re3 Qf1+ 38. Kf3
R8xe3+ 39. Bxe3 Qh1+ 40. Kg4 Qe4+ 0-1

[Event "6th EICC"]
[Site "Warsaw POL"]
[Date "2005.06.20"]
[Round "3"]
[White "Timofeev,Arty"]
[Black "Lupulescu,C"]
[Result "1/2-1/2"]
[WhiteElo "2622"]
[BlackElo "2546"]
[EventDate "2005.06.18"]

1. e4 c5 2. Nf3 d6 3. d4 cxd4 4. Nxd4 Nf6 5. Nc3 Nc6 6. Bg5 e6 7. Qd2 Qb6
8. Bxf6 gxf6 9. Nb3 Bd7 10. O-O-O O-O-O 11. f4 a6 12. Kb1 Be7 13. Be2 h5
14. Bf3 h4 15. Bg4 Kb8 16. Rhf1 Na5 17. Qd3 Nxb3 18. cxb3 d5 19. f5 Bc6 20.
exd5 Bxd5 21. Qe2 Bb4 22. fxe6 Bxe6 23. Bxe6 Bxc3 24. Bxf7 Be5 25. h3 Rxd1+
26. Rxd1 Rd8 27. Bd5 Qc5 28. Qd2 a5 29. a3 Qb5 30. Ka2 Rd6 31. a4 Qc5 32.
Qd3 Rd8 33. Rd2 Bf4 34. Rd1 Be5 35. Qc4 Qf2 36. Qc1 Bf4 37. Qc3 Be5 38. Qc1
Bf4 39. Qc4 Be5 40. Rb1 Qd4 41. Bf3 Qxc4 42. bxc4 Rd2 43. c5 Kc7 44. Kb3
Bd4 45. Kc4 Rxb2 46. Rxb2 Bxb2 47. g3 hxg3 48. h4 b6 49. c6 f5 50. h5 Bg7
51. Kd5 b5 52. axb5 a4 53. Kc4 a3 54. Kb3 Bf8 55. Bg2 Kb6 56. Bf3 Kc7 57.
Bg2 1/2-1/2

[Event "6th EICC"]
[Site "Warsaw POL"]
[Date "2005.06.20"]
[Round "3"]
[White "Asrian,K"]
[Black "Bobras,P"]
[Result "1-0"]
[WhiteElo "2611"]
[BlackElo "2501"]
[EventDate "2005.06.18"]

1. e4 c5 2. Nf3 d6 3. d4 cxd4 4. Nxd4 Nf6 5. Nc3 a6 6. Be3 e5 7. Nf3 Be7 8.
Bc4 O-O 9. O-O Be6 10. Bb3 Nc6 11. Qe2 Na5 12. Rfd1 Qc7 13. Bg5 Rac8 14.
Rac1 Nh5 15. Qd2 Bxg5 16. Nxg5 Nxb3 17. cxb3 Qe7 18. Nf3 Rfd8 19. Qg5 Qxg5
20. Nxg5 Nf6 21. f3 Kf8 22. Kf2 Bd7 23. g4 h6 24. Nh3 Ke7 25. Ng1 Bc6 26.
Nge2 Ke6 27. h4 d5 28. g5 hxg5 29. hxg5 Nh5 30. Nxd5 Bxd5 31. Rxc8 Rxc8 32.
exd5+ Kd6 33. Nc3 Nf4 34. Ke3 Ng2+ 35. Kf2 Nf4 36. Ne4+ Kd7 37. Rd2 Rc1 38.
b4 b6 39. a3 Rh1 40. Kg3 Rg1+ 41. Kh2 Rf1 42. Kg3 Rg1+ 43. Kh2 Rf1 44. Nf2
Kd6 45. a4 Nxd5 46. Nd1 Rxf3 47. Nc3 Rxc3 48. bxc3 Ke6 49. Rc2 e4 50. b5
axb5 51. axb5 f5 52. gxf6 gxf6 53. c4 Nb4 54. Re2 Ke5 55. c5 bxc5 56. b6 c4
57. b7 Nc6 58. Ra2 c3 59. Ra3 Kd4 60. Ra6 Nb8 61. Ra8 c2 62. Rxb8 c1=Q 63.
Rd8+ Ke3 64. b8=Q Qc2+ 65. Kh3 Ke2 66. Qh2+ 1-0

[Event "6th EICC"]
[Site "Warsaw POL"]
[Date "2005.06.20"]
[Round "3"]
[White "Bocharov,D"]
[Black "Nisipeanu,LD"]
[Result "0-1"]
[WhiteElo "2574"]
[BlackElo "2670"]
[EventDate "2005.06.18"]

1. d4 Nf6 2. c4 e6 3. Nc3 Bb4 4. Qc2 O-O 5. e4 d6 6. e5 dxe5 7. dxe5 Ng4 8.
Nf3 Nc6 9. a3 Bc5 10. Ne4 Nd4 11. Nxd4 Bxd4 12. Bg5 Bxf2+ 13. Qxf2 Nxf2 14.
Bxd8 Nxe4 15. Bxc7 b6 16. Be2 Ba6 17. Rd1 Rac8 18. Rd7 f5 19. exf6 Nxf6 20.
Re7 Rf7 21. Rxf7 Kxf7 22. Be5 Bxc4 23. Rf1 Rc5 24. Bd4 Bxe2 25. Kxe2 Rg5
26. g3 Rd5 27. Be3 e5 28. Rc1 Ke6 29. Rc8 Kf5 30. h3 h5 31. a4 Rd7 32. b4
Nd5 33. Bd2 Rc7 34. Rh8 g6 35. Kd3 e4+ 36. Kd4 Nf6 37. Rd8 Rc2 38. Bc3 Rc1
39. Rf8 Ke6 40. Bd2 Rd1 41. Ke3 Rh1 42. h4 Rg1 43. Kf2 Rb1 44. Ke2 Rb2 45.
Kd1 Nd5 46. Re8+ Kf5 47. g4+ hxg4 48. Rf8+ Ke5 0-1

[Event "6th EICC"]
[Site "Warsaw POL"]
[Date "2005.06.20"]
[Round "3"]
[White "Kozul,Z"]
[Black "Kuljasevic,D"]
[Result "1-0"]
[WhiteElo "2591"]
[BlackElo "2408"]
[EventDate "2005.06.18"]

1. d4 d5 2. c4 c6 3. e3 Nf6 4. Nc3 a6 5. Nf3 b5 6. c5 g6 7. b4 Bg4 8. a4
Nbd7 9. Bb2 Bg7 10. Ne2 Bxf3 11. gxf3 O-O 12. f4 Qc7 13. Nc1 Rfb8 14. Nb3
e6 15. Bd3 Ne8 16. Bc3 Ndf6 17. Qc2 Kh8 18. axb5 axb5 19. Ke2 Ng8 20. Ra2
Qc8 21. Rha1 Nc7 22. Be1 Rxa2 23. Rxa2 Ra8 24. f3 Bf6 25. Bg3 Ne7 26. e4
Rxa2 27. Qxa2 Qa6 28. Qa5 Qxa5 29. bxa5 Na6 30. f5 exf5 31. Bd6 fxe4 32.
fxe4 Nb4 33. Bxe7 Bxe7 34. exd5 Nxd5 35. a6 Nc7 36. a7 f5 37. Na5 1-0